000 00855nac a22002537a 4500
001 BR9300581
003 BR-BrBNA
005 20240105121343.0
008 230509b bl.|||m| |||| 00| 0 por d
040 _aBR-BrBNA
_bpor
_cBiblioteca Nacional de Agricultura
072 _aE40
090 _a0230 BR9300581
110 1 _aCooperativa de Produtores de Cana, Acucar e Alcool do Estado de Sao Paulo Ltda., Sao Paulo (Brasil)
_92863
245 1 _aRelatorio anual 1990/1991 [COPERSUCAR]
260 3 _aSao Paulo, SP (Brasil):
_c1991.
300 _a59 p.
490 _aRelatorio - Cooperativa de Produtores de Cana, Acucar e Alcool do Estado de Sao Paulo Ltda. (Brazil)
_v
_x
650 _aCooperativa
650 _aCana de Acucar
650 _aAlcool
650 _aSao Paulo
909 _a202312
_bLúcia Elande
_c55
_dLúcia Elande
942 _2AGRIS
_n0
_cMS
999 _c284823
_d284823